Risultati della Lazio in UEFA Champions League 2020-2021 - Statistics

Statistiche generali
  • Questo quiz è stato fatto 12 volte
  • Il punteggio medio è 5 su 8
Statistiche sulle risposte
Hint Risposta % Corretto
Lazio - Bayern Monaco 1-4
92%
Lazio - Borussia Dortmund 3-1
92%
Club Bruges - Lazio 1-1
67%
Borussia Dortmund - Lazio 1-1
67%
Zenit San Pietroburgo - Lazio 1-1
58%
Lazio - Club Bruges 2-2
58%
Bayern Monaco - Lazio 2-1
50%
Lazio - Zenit San Pietroburgo 3-1
50%
Nessun quiz corrispondente trovato
Distribuzione punteggi
Percentuale di utenti per punteggio
Percentile per numero di risposta
I tuoi punteggi nel tempo
Non hai fatto questo quiz